Smallest Bordering Country #1 - Statistics

General Stats
  • This quiz has been taken 66 times
  • The average score is 13 of 15
Answer Stats
Country Bordering Country % Correct
Italy Vatican City
98%
USA Mexico
96%
Peru Ecuador
95%
Serbia Kosovo
95%
Brazil Suriname
93%
India Bhutan
91%
South Africa Swaziland
91%
China Bhutan
89%
Poland Slovakia
89%
Nicaragua Costa Rica
80%
Sudan Eritrea
78%
Iran Armenia
76%
DR Congo Rwanda
75%
Namibia Botswana
73%
Mali Senegal
65%
No matching quizzes found
Score Distribution
Percent of People with Each Score
Percentile by Number Answered
Your Score History
You have not taken this quiz